Ô tô thế hệ mới

Nội dung tài liệu trình bày lý thuyết về điều hòa không khí, hệ thống điện lạnh ô tô và nguyên lý hoạt động. Phương pháp kiểm tra bảo trì, sửa chữa hệ thống điện lạnh.

Spremljeno u:
Bibliografski detalji
Glavni autor: Nguyễn, Oanh
Format: Knjiga
Jezik:Undetermined
Izdano: Hà Nội Giao thông Vận tải 2008
Teme:
Oznake: Dodaj oznaku
Bez oznaka, Budi prvi tko označuje ovaj zapis!
Thư viện lưu trữ: Trung tâm Học liệu Trường Đại học Cần Thơ
LEADER 00861nam a2200205Ia 4500
001 CTU_188536
008 210402s9999 xx 000 0 und d
020 |c 45000 
082 |a 621.56 
082 |b O.408/T.1 
100 |a Nguyễn, Oanh 
245 0 |a Ô tô thế hệ mới 
245 0 |c Nguyễn Oanh 
260 |a Hà Nội 
260 |b Giao thông Vận tải 
260 |c 2008 
520 |a Nội dung tài liệu trình bày lý thuyết về điều hòa không khí, hệ thống điện lạnh ô tô và nguyên lý hoạt động. Phương pháp kiểm tra bảo trì, sửa chữa hệ thống điện lạnh. 
650 |a Low temperature engineering,Kỹ thuật nhiệt độ thấp 
904 |i Bằng 
980 |a Trung tâm Học liệu Trường Đại học Cần Thơ